000 00747cam4a220024100 4500
001 qce01185598
005 20190823103817.0
008 760714s1963 enk b 000 0 eng
010 _a 64002977
035 _a(Sirsi) r56855
035 _a(QCAT)lss01310282
035 _a(UPRA)qce01185598
040 _dUPRA
082 _a616.89
100 1 _aFish, F. J. (Frank James)
_qFish, F. J. (Frank James)
_6A15726.1
245 1 0 _aClinical psychiatry for the layman /
_cwith a foreword by William S. Tindal.
260 _aBristol [England] :
_bWright,
_c1963.
504 _aBibliography: p. 56.
650 0 _aMental illness.
_6S11292.1
650 0 _aPsychiatry.
_6S175.1
949 _aRC460
_wlcc
_i-74044
_mMAIN
_tBOOK
_lON-SHELF
004 56855
999 _c149700
_d149700